000 00311nam a2200133Ia 4500
008 190216s9999||||xx |||||||||||||| ||und||
100 _aA.Vinod
245 0 _aFinancial Management
250 _aI
260 _bCalicut University Central Co-Operative
_c2006
300 _a320
650 _aCommerce
942 _cBK
999 _c8188
_d8188